[Event "World Youth & Cadets Rapid Championships"]
[Site "Rhodes, Greece"]
[Date "2022.05.01"]
[Round "9.10"]
[White "Toktomushev, Teimur"]
[Black "Hagner, Bennet"]
[Result "0-1"]
[TimeControl "10'/game & 5\"/move"]
[WhiteElo "1935"]
[BlackElo "2186"]

1. d4 {[%clk 00:10:08]} {[%emt 00:00:01]} Nf6 {[%clk 00:10:10]} {[%emt
00:00:01]} 2. c4 {[%clk 00:10:11]} {[%emt 00:00:02]} e6 {[%clk 00:10:14]}
{[%emt 00:00:01]} 3. Nf3 {[%clk 00:10:08]} {[%emt 00:00:07]} Bb4+ {[%clk
00:10:17]} {[%emt 00:00:02]} 4. Bd2 {[%clk 00:10:07]} {[%emt 00:00:06]} a5
{[%clk 00:10:21]} {[%emt 00:00:02]} 5. a3 {[%clk 00:08:43]} {[%emt 00:01:28]}
Bxd2+ {[%clk 00:10:17]} {[%emt 00:00:09]} 6. Qxd2 {[%clk 00:08:46]} {[%emt
00:00:02]} d6 {[%clk 00:09:42]} {[%emt 00:00:41]} 7. Nc3 {[%clk 00:08:45]}
{[%emt 00:00:06]} Nbd7 {[%clk 00:09:33]} {[%emt 00:00:14]} 8. g3 {[%clk
00:08:06]} {[%emt 00:00:44]} b6 {[%clk 00:08:42]} {[%emt 00:00:56]} 9. Bg2
{[%clk 00:08:06]} {[%emt 00:00:04]} Bb7 {[%clk 00:08:46]} {[%emt 00:00:02]} 10.
O-O {[%clk 00:08:07]} {[%emt 00:00:04]} O-O {[%clk 00:08:14]} {[%emt 00:00:37]}
11. Qc2 {[%clk 00:07:57]} {[%emt 00:00:13]} Qe7 {[%clk 00:07:40]} {[%emt
00:00:41]} 12. Rfe1 {[%clk 00:05:59]} {[%emt 00:02:00]} c5 {[%clk 00:07:38]}
{[%emt 00:00:09]} 13. Rad1 {[%clk 00:05:46]} {[%emt 00:00:19]} Rac8 {[%clk
00:07:41]} {[%emt 00:00:02]} 14. b3 {[%clk 00:05:14]} {[%emt 00:00:37]} Rfd8
{[%clk 00:06:46]} {[%emt 00:00:59]} 15. Nb5 {[%clk 00:04:39]} {[%emt 00:00:40]}
a4 {[%clk 00:05:59]} {[%emt 00:00:52]} 16. dxc5 {[%clk 00:02:49]} {[%emt
00:01:55]} Nxc5 {[%clk 00:05:17]} {[%emt 00:00:48]} 17. b4 {[%clk 00:02:52]}
{[%emt 00:00:02]} Nb3 {[%clk 00:04:19]} {[%emt 00:01:03]} 18. Nfd4 {[%clk
00:01:38]} {[%emt 00:01:19]} Bxg2 {[%clk 00:04:12]} {[%emt 00:00:11]} 19. Kxg2
{[%clk 00:01:41]} {[%emt 00:00:02]} d5 {[%clk 00:03:31]} {[%emt 00:00:46]} 20.
Nxb3 {[%clk 00:01:00]} {[%emt 00:00:46]} Rxc4 {[%clk 00:03:34]} {[%emt
00:00:02]} 21. Qb2 {[%clk 00:00:48]} {[%emt 00:00:17]} axb3 {[%clk 00:03:36]}
{[%emt 00:00:03]} 22. Qxb3 {[%clk 00:00:52]} {[%emt 00:00:01]} Ne4 {[%clk
00:03:25]} {[%emt 00:00:17]} 23. f3 {[%clk 00:00:15]} {[%emt 00:00:42]} Nf6
{[%clk 00:02:22]} {[%emt 00:01:07]} 24. Rc1 {[%clk 00:00:07]} {[%emt 00:00:14]}
Rdc8 {[%clk 00:02:04]} {[%emt 00:00:23]} 25. Qb2 {[%clk 00:00:10]} {[%emt
00:00:02]} Qd7 {[%clk 00:02:02]} {[%emt 00:00:07]} 26. Nd4 {[%clk 00:00:06]}
{[%emt 00:00:09]} e5 {[%clk 00:01:58]} {[%emt 00:00:09]} 27. Nb3 {[%clk
00:00:06]} {[%emt 00:00:04]} d4 {[%clk 00:01:57]} {[%emt 00:00:06]} 28. Rxc4
{[%clk 00:00:07]} {[%emt 00:00:05]} Rxc4 {[%clk 00:02:01]} {[%emt 00:00:01]} 29.
Rc1 {[%clk 00:00:07]} {[%emt 00:00:04]} Qc6 {[%clk 00:02:03]} {[%emt 00:00:03]}
30. Rxc4 {[%clk 00:00:07]} {[%emt 00:00:05]} Qxc4 {[%clk 00:02:07]} {[%emt
00:00:01]} 31. Kf2 {[%clk 00:00:08]} {[%emt 00:00:04]} Nd5 {[%clk 00:02:04]}
{[%emt 00:00:09]} 32. Nd2 {[%clk 00:00:07]} {[%emt 00:00:06]} Qc6 {[%clk
00:01:57]} {[%emt 00:00:11]} 33. Ne4 {[%clk 00:00:07]} {[%emt 00:00:06]} f5
{[%clk 00:02:00]} {[%emt 00:00:02]} 34. Qb3 {[%clk 00:00:07]} {[%emt 00:00:05]}
Kf8 {[%clk 00:01:22]} {[%emt 00:00:43]} 35. b5 {[%clk 00:00:10]} {[%emt
00:00:02]} Qd7 {[%clk 00:01:26]} 36. Nd2 {[%clk 00:00:09]} {[%emt 00:00:06]}
Qe6 {[%clk 00:01:09]} {[%emt 00:00:22]} 37. a4 {[%clk 00:00:06]} {[%emt
00:00:08]} e4 {[%clk 00:01:13]} {[%emt 00:00:01]} 38. Kg2 {[%clk 00:00:06]}
{[%emt 00:00:05]} exf3+ {[%clk 00:00:45]} {[%emt 00:00:32]} 39. Qxf3 {[%clk
00:00:10]} {[%emt 00:00:01]} Kg8 {[%clk 00:00:40]} {[%emt 00:00:10]} 40. Nc4
{[%clk 00:00:07]} {[%emt 00:00:08]} h6 {[%clk 00:00:38]} {[%emt 00:00:08]} 41.
a5 {[%clk 00:00:07]} {[%emt 00:00:04]} bxa5 {[%clk 00:00:42]} 42. Nxa5 {[%clk
00:00:09]} {[%emt 00:00:03]} Ne3+ {[%clk 00:00:41]} {[%emt 00:00:06]} 43. Kf2
{[%clk 00:00:07]} {[%emt 00:00:06]} Ng4+ {[%clk 00:00:29]} {[%emt 00:00:18]} 44.
Kg2 {[%clk 00:00:10]} {[%emt 00:00:01]} d3 {[%clk 00:00:32]} {[%emt 00:00:02]}
45. Qxd3 {[%clk 00:00:07]} {[%emt 00:00:08]} Qb6 {[%clk 00:00:26]} {[%emt
00:00:12]} 46. Nc6 {[%clk 00:00:09]} {[%emt 00:00:03]} Qf2+ {[%clk 00:00:27]}
{[%emt 00:00:04]} 0-1

[Event "World Youth & Cadets Rapid Championships"]
[Site "Rhodes, Greece"]
[Date "2022.05.01"]
[Round "9.11"]
[White "Lavrencic, Matic"]
[Black "Seemann, Jakub"]
[Result "1-0"]
[TimeControl "10'/game & 5\"/move"]
[WhiteElo "1917"]
[BlackElo "1984"]

1. e4 {[%clk 00:10:08]} {[%emt 00:00:02]} c5 {[%clk 00:10:09]} {[%emt
00:00:01]} 2. Nf3 {[%clk 00:10:11]} {[%emt 00:00:02]} d6 {[%clk 00:10:14]} 3.
d4 {[%clk 00:10:15]} {[%emt 00:00:02]} cxd4 {[%clk 00:10:18]} 4. Nxd4 {[%clk
00:10:19]} {[%emt 00:00:01]} Nf6 {[%clk 00:10:22]} {[%emt 00:00:01]} 5. Nc3
{[%clk 00:10:23]} {[%emt 00:00:01]} a6 {[%clk 00:10:26]} 6. h3 {[%clk
00:10:17]} {[%emt 00:00:11]} e5 {[%clk 00:10:30]} 7. Nde2 {[%clk 00:10:20]}
{[%emt 00:00:02]} h5 {[%clk 00:10:32]} {[%emt 00:00:03]} 8. Bg5 {[%clk
00:10:23]} {[%emt 00:00:02]} Be6 {[%clk 00:10:35]} {[%emt 00:00:01]} 9. Bxf6
{[%clk 00:10:26]} {[%emt 00:00:02]} Qxf6 {[%clk 00:10:39]} {[%emt 00:00:01]} 10.
Nd5 {[%clk 00:10:29]} {[%emt 00:00:02]} Qd8 {[%clk 00:10:43]} 11. Nec3 {[%clk
00:10:32]} {[%emt 00:00:02]} Nd7 {[%clk 00:10:47]} {[%emt 00:00:01]} 12. Bc4
{[%clk 00:10:35]} {[%emt 00:00:02]} Rc8 {[%clk 00:10:27]} {[%emt 00:00:25]} 13.
Bb3 {[%clk 00:10:38]} {[%emt 00:00:02]} Nc5 {[%clk 00:10:27]} {[%emt 00:00:06]}
14. O-O {[%clk 00:10:40]} {[%emt 00:00:03]} g6 {[%clk 00:10:29]} {[%emt
00:00:03]} 15. Qe2 {[%clk 00:10:23]} {[%emt 00:00:21]} Bg7 {[%clk 00:10:28]}
{[%emt 00:00:06]} 16. Rad1 {[%clk 00:10:24]} {[%emt 00:00:04]} O-O {[%clk
00:10:29]} {[%emt 00:00:04]} 17. Ne3 {[%clk 00:10:02]} {[%emt 00:00:27]} Nxb3
{[%clk 00:10:31]} {[%emt 00:00:03]} 18. axb3 {[%clk 00:10:00]} {[%emt
00:00:07]} b5 {[%clk 00:09:47]} {[%emt 00:00:50]} 19. Ncd5 {[%clk 00:09:35]}
{[%emt 00:00:29]} Qg5 {[%clk 00:09:14]} {[%emt 00:00:37]} 20. Kh2 {[%clk
00:09:30]} {[%emt 00:00:11]} f5 {[%clk 00:09:17]} {[%emt 00:00:02]} 21. exf5
{[%clk 00:08:21]} {[%emt 00:01:14]} Bxf5 {[%clk 00:09:12]} {[%emt 00:00:10]} 22.
Nxf5 {[%clk 00:08:08]} {[%emt 00:00:18]} gxf5 {[%clk 00:09:09]} {[%emt
00:00:07]} 23. c3 {[%clk 00:07:51]} {[%emt 00:00:23]} Rce8 {[%clk 00:08:59]}
{[%emt 00:00:15]} 24. Qd2 {[%clk 00:06:43]} {[%emt 00:01:14]} f4 {[%clk
00:08:54]} {[%emt 00:00:10]} 25. Nc7 {[%clk 00:06:26]} {[%emt 00:00:21]} Re7
{[%clk 00:07:08]} {[%emt 00:01:51]} 26. Qd5+ {[%clk 00:06:29]} {[%emt
00:00:02]} Rff7 {[%clk 00:06:53]} {[%emt 00:00:20]} 27. Ne6 {[%clk 00:06:30]}
{[%emt 00:00:04]} Qf5 {[%clk 00:05:55]} {[%emt 00:01:02]} 28. Nd8 {[%clk
00:06:20]} {[%emt 00:00:17]} Bf8 {[%clk 00:05:42]} {[%emt 00:00:17]} 29. Nxf7
{[%clk 00:06:15]} {[%emt 00:00:10]} Rxf7 {[%clk 00:05:44]} {[%emt 00:00:02]} 30.
f3 {[%clk 00:06:06]} {[%emt 00:00:16]} Kh8 {[%clk 00:05:28]} {[%emt 00:00:20]}
31. Rd2 {[%clk 00:05:47]} {[%emt 00:00:24]} Rg7 {[%clk 00:05:27]} {[%emt
00:00:06]} 32. Qe4 {[%clk 00:04:39]} {[%emt 00:01:14]} Qg5 {[%clk 00:05:24]}
{[%emt 00:00:07]} 33. c4 {[%clk 00:04:03]} {[%emt 00:00:42]} bxc4 {[%clk
00:05:23]} {[%emt 00:00:05]} 34. bxc4 {[%clk 00:04:07]} {[%emt 00:00:01]} Be7
{[%clk 00:05:25]} {[%emt 00:00:03]} 35. b4 {[%clk 00:03:16]} {[%emt 00:00:56]}
Bd8 {[%clk 00:05:28]} {[%emt 00:00:03]} 36. c5 {[%clk 00:03:14]} {[%emt
00:00:07]} dxc5 {[%clk 00:05:27]} {[%emt 00:00:05]} 37. bxc5 {[%clk 00:03:07]}
{[%emt 00:00:12]} Ba5 {[%clk 00:05:32]} {[%emt 00:00:01]} 38. Re2 {[%clk
00:03:04]} {[%emt 00:00:08]} Bc3 {[%clk 00:05:35]} {[%emt 00:00:01]} 39. Rb1
{[%clk 00:02:42]} {[%emt 00:00:27]} Qd8 {[%clk 00:04:03]} {[%emt 00:01:38]} 40.
c6 {[%clk 00:01:59]} {[%emt 00:00:48]} Qg8 {[%clk 00:03:49]} {[%emt 00:00:18]}
41. Rb7 {[%clk 00:01:40]} {[%emt 00:00:25]} Rg3 {[%clk 00:03:26]} {[%emt
00:00:27]} 42. Qf5 {[%emt 00:00:46]} 1-0

[Event "World Youth & Cadets Rapid Championships"]
[Site "Rhodes, Greece"]
[Date "2022.05.01"]
[Round "9.12"]
[White "Dasgupta, Avyukt"]
[Black "Krawczyk, Flawian"]
[Result "1-0"]
[TimeControl "10'/game & 5\"/move"]
[WhiteElo "1543"]
[BlackElo "1835"]

1. b4 {[%clk 00:10:08]} {[%emt 00:00:02]} Nf6 {[%clk 00:10:08]} {[%emt
00:00:02]} 2. Bb2 {[%clk 00:10:11]} {[%emt 00:00:01]} g6 {[%clk 00:10:12]} 3.
Nf3 {[%clk 00:10:15]} {[%emt 00:00:02]} Bg7 {[%clk 00:10:16]} 4. c4 {[%clk
00:10:19]} d6 {[%clk 00:10:20]} 5. e3 {[%clk 00:10:22]} {[%emt 00:00:02]} e5
{[%clk 00:10:22]} {[%emt 00:00:03]} 6. Nc3 {[%clk 00:10:17]} {[%emt 00:00:10]}
O-O {[%clk 00:10:22]} {[%emt 00:00:05]} 7. Be2 {[%clk 00:10:18]} {[%emt
00:00:03]} Ne8 {[%clk 00:10:23]} {[%emt 00:00:05]} 8. d4 {[%clk 00:10:13]}
{[%emt 00:00:10]} Nd7 {[%clk 00:10:02]} {[%emt 00:00:26]} 9. O-O {[%clk
00:10:05]} {[%emt 00:00:13]} f5 {[%clk 00:10:03]} {[%emt 00:00:04]} 10. dxe5
{[%clk 00:10:02]} {[%emt 00:00:08]} dxe5 {[%clk 00:10:02]} {[%emt 00:00:06]} 11.
Qd5+ {[%clk 00:10:04]} {[%emt 00:00:03]} Kh8 {[%clk 00:10:05]} {[%emt
00:00:02]} 12. Rad1 {[%clk 00:10:07]} c6 {[%clk 00:10:08]} {[%emt 00:00:03]} 13.
Qd2 {[%clk 00:10:10]} {[%emt 00:00:02]} e4 {[%clk 00:09:32]} {[%emt 00:00:41]}
14. Nd4 {[%clk 00:10:03]} {[%emt 00:00:11]} Ne5 {[%clk 00:09:33]} {[%emt
00:00:05]} 15. Qc2 {[%clk 00:09:40]} {[%emt 00:00:28]} Qg5 {[%clk 00:09:31]}
{[%emt 00:00:06]} 16. Rfe1 {[%clk 00:09:06]} {[%emt 00:00:40]} a5 {[%clk
00:09:03]} {[%emt 00:00:34]} 17. a3 {[%clk 00:07:59]} {[%emt 00:01:12]} axb4
{[%clk 00:09:07]} {[%emt 00:00:01]} 18. axb4 {[%clk 00:08:03]} Nf6 {[%clk
00:08:58]} {[%emt 00:00:15]} 19. Na4 {[%clk 00:08:02]} {[%emt 00:00:05]} Nfg4
{[%clk 00:06:02]} {[%emt 00:03:01]} 20. h3 {[%clk 00:06:11]} {[%emt 00:01:56]}
Nh6 {[%clk 00:06:00]} {[%emt 00:00:06]} 21. Nb6 {[%clk 00:06:09]} {[%emt
00:00:08]} f4 {[%clk 00:02:41]} {[%emt 00:03:24]} 22. Nxc8 {[%clk 00:04:04]}
{[%emt 00:02:10]} f3 {[%clk 00:02:15]} {[%emt 00:00:31]} 23. Bf1 {[%clk
00:03:23]} {[%emt 00:00:45]} fxg2 {[%clk 00:02:19]} {[%emt 00:00:02]} 24. Bxg2
{[%clk 00:03:26]} {[%emt 00:00:01]} Rfxc8 {[%clk 00:01:37]} {[%emt 00:00:49]}
25. Ne6 {[%clk 00:02:16]} {[%emt 00:01:14]} Qf6 {[%clk 00:01:00]} {[%emt
00:00:42]} 26. Nxg7 {[%clk 00:02:16]} {[%emt 00:00:04]} Kxg7 {[%clk 00:00:56]}
{[%emt 00:00:10]} 27. Qxe4 {[%clk 00:01:53]} {[%emt 00:00:28]} Re8 {[%clk
00:00:43]} {[%emt 00:00:19]} 28. f4 {[%clk 00:01:25]} {[%emt 00:00:33]} Nf3+
{[%clk 00:00:47]} 29. Bxf3 {[%clk 00:01:22]} {[%emt 00:00:07]} Qxb2 {[%clk
00:00:51]} {[%emt 00:00:01]} 30. Rd7+ {[%clk 00:01:26]} {[%emt 00:00:01]} Kh8
{[%clk 00:00:53]} {[%emt 00:00:03]} 31. Qd3 {[%clk 00:00:48]} {[%emt 00:00:43]}
Nf5 {[%clk 00:00:39]} {[%emt 00:00:19]} 32. Bg4 {[%clk 00:00:21]} {[%emt
00:00:32]} Ra1 {[%clk 00:00:16]} {[%emt 00:00:28]} 33. Rxa1 {[%clk 00:00:15]}
{[%emt 00:00:11]} Qxa1+ {[%clk 00:00:20]} 34. Kf2 {[%clk 00:00:10]} {[%emt
00:00:10]} Rxe3 {[%clk 00:00:00]} {[%emt 00:00:14]} 35. Rd8+ {[%emt 00:00:12]}
1-0

[Event "World Youth & Cadets Rapid Championships"]
[Site "Rhodes, Greece"]
[Date "2022.05.01"]
[Round "9.13"]
[White "Begmuratov, Khumoyun"]
[Black "Mamedov, Edgar"]
[Result "1-0"]
[TimeControl "10'/game & 5\"/move"]
[WhiteElo "1977"]
[BlackElo "1854"]

1. e4 {[%clk 00:10:08]} {[%emt 00:00:02]} c6 {[%clk 00:10:09]} {[%emt
00:00:02]} 2. d3 {[%clk 00:10:10]} {[%emt 00:00:03]} d5 {[%clk 00:10:12]}
{[%emt 00:00:02]} 3. Nf3 {[%clk 00:10:13]} {[%emt 00:00:01]} Qc7 {[%clk
00:10:11]} {[%emt 00:00:07]} 4. Nc3 {[%clk 00:10:15]} {[%emt 00:00:03]} dxe4
{[%clk 00:09:55]} {[%emt 00:00:20]} 5. dxe4 {[%clk 00:10:12]} {[%emt 00:00:09]}
e5 {[%clk 00:09:50]} {[%emt 00:00:10]} 6. Bc4 {[%clk 00:10:00]} {[%emt
00:00:17]} Be7 {[%clk 00:09:27]} {[%emt 00:00:28]} 7. h3 {[%clk 00:09:47]}
{[%emt 00:00:17]} h6 {[%clk 00:09:10]} {[%emt 00:00:22]} 8. O-O {[%clk
00:09:47]} {[%emt 00:00:05]} Nf6 {[%clk 00:09:14]} {[%emt 00:00:03]} 9. Qe2
{[%clk 00:09:44]} {[%emt 00:00:07]} O-O {[%clk 00:08:58]} {[%emt 00:00:20]} 10.
a4 {[%clk 00:09:42]} {[%emt 00:00:07]} a5 {[%clk 00:08:50]} {[%emt 00:00:14]}
11. Rd1 {[%clk 00:09:25]} {[%emt 00:00:21]} Nbd7 {[%emt 00:00:06]} 12. Be3
{[%clk 00:08:45]} {[%emt 00:00:44]} Nc5 {[%clk 00:08:45]} {[%emt 00:00:11]} 13.
Nd2 {[%clk 00:08:45]} {[%emt 00:00:04]} Be6 {[%clk 00:07:58]} {[%emt 00:00:53]}
14. Bxc5 {[%clk 00:08:10]} {[%emt 00:00:40]} Bxc5 {[%clk 00:07:57]} {[%emt
00:00:06]} 15. Bxe6 {[%clk 00:08:13]} {[%emt 00:00:02]} fxe6 {[%clk 00:07:58]}
{[%emt 00:00:04]} 16. Kh1 {[%clk 00:07:14]} {[%emt 00:01:04]} Rad8 {[%clk
00:07:09]} {[%emt 00:00:55]} 17. Nf3 {[%clk 00:06:46]} {[%emt 00:00:32]} Qb6
{[%clk 00:05:59]} {[%emt 00:01:15]} 18. Qc4 {[%clk 00:06:23]} {[%emt 00:00:28]}
Rde8 {[%clk 00:05:46]} {[%emt 00:00:18]} 19. Nxe5 {[%clk 00:05:37]} {[%emt
00:00:50]} Bxf2 {[%clk 00:05:40]} {[%emt 00:00:12]} 20. Nd7 {[%clk 00:03:50]}
{[%emt 00:01:52]} Nxd7 {[%clk 00:05:04]} {[%emt 00:00:40]} 21. Rxd7 {[%clk
00:03:54]} {[%emt 00:00:01]} Bg3 {[%clk 00:04:46]} {[%emt 00:00:24]} 22. Ne2
{[%clk 00:01:25]} {[%emt 00:02:34]} Be5 {[%clk 00:04:21]} {[%emt 00:00:30]} 23.
Nd4 {[%clk 00:00:55]} {[%emt 00:00:34]} c5 {[%clk 00:03:18]} {[%emt 00:01:09]}
24. Nb3 {[%clk 00:00:34]} {[%emt 00:00:26]} Qc6 {[%clk 00:02:58]} {[%emt
00:00:26]} 25. Rad1 {[%clk 00:00:35]} {[%emt 00:00:03]} Bd4 {[%clk 00:02:43]}
{[%emt 00:00:20]} 26. Qb5 {[%clk 00:00:20]} {[%emt 00:00:20]} Qxe4 {[%clk
00:02:10]} {[%emt 00:00:38]} 27. Nxd4 {[%clk 00:00:13]} {[%emt 00:00:12]} cxd4
{[%clk 00:02:10]} {[%emt 00:00:05]} 28. R7xd4 {[%clk 00:00:17]} Qxc2 {[%clk
00:02:06]} {[%emt 00:00:09]} 29. Qxb7 {[%clk 00:00:21]} {[%emt 00:00:01]} Rf7
{[%clk 00:01:40]} {[%emt 00:00:31]} 30. Qb5 {[%clk 00:00:19]} {[%emt 00:00:07]}
Ref8 {[%clk 00:01:28]} {[%emt 00:00:18]} 31. Rg1 {[%clk 00:00:20]} {[%emt
00:00:03]} Rf5 {[%clk 00:01:19]} {[%emt 00:00:14]} 32. Qd7 {[%clk 00:00:13]}
{[%emt 00:00:11]} Rf1 {[%clk 00:01:07]} {[%emt 00:00:18]} 33. Qxe6+ {[%clk
00:00:16]} {[%emt 00:00:02]} Kh8 {[%clk 00:01:03]} {[%emt 00:00:09]} 34. Rxf1
{[%clk 00:00:15]} {[%emt 00:00:05]} Rxf1+ {[%clk 00:01:04]} {[%emt 00:00:04]}
35. Kh2 {[%clk 00:00:19]} {[%emt 00:00:02]} Qc7+ {[%clk 00:00:39]} {[%emt
00:00:30]} 36. Qd6 {[%clk 00:00:23]} Qxd6+ {[%clk 00:00:24]} {[%emt 00:00:20]}
37. Rxd6 {[%clk 00:00:27]} {[%emt 00:00:01]} Rf4 {[%clk 00:00:28]} 38. b3
{[%clk 00:00:32]} {[%emt 00:00:01]} Rb4 {[%clk 00:00:31]} {[%emt 00:00:01]} 39.
Rd3 {[%clk 00:00:21]} {[%emt 00:00:16]} Kh7 {[%clk 00:00:30]} {[%emt 00:00:07]}
40. Kg3 {[%clk 00:00:25]} {[%emt 00:00:01]} Kg6 {[%clk 00:00:34]} 41. Kf3
{[%clk 00:00:29]} Kf6 {[%clk 00:00:38]} {[%emt 00:00:02]} 42. Ke3 {[%clk
00:00:33]} Ke6 {[%clk 00:00:40]} {[%emt 00:00:03]} 43. Kd2 {[%clk 00:00:37]}
{[%emt 00:00:02]} Rf4 {[%clk 00:00:38]} {[%emt 00:00:06]} 44. Rf3 {[%clk
00:00:29]} {[%emt 00:00:13]} Rb4 {[%clk 00:00:27]} {[%emt 00:00:16]} 45. Kc3
{[%clk 00:00:30]} {[%emt 00:00:04]} g5 {[%clk 00:00:27]} {[%emt 00:00:05]} 46.
Re3+ {[%clk 00:00:25]} {[%emt 00:00:10]} Kd6 {[%clk 00:00:30]} {[%emt
00:00:03]} 47. Re8 {[%clk 00:00:26]} {[%emt 00:00:03]} Rf4 {[%clk 00:00:27]}
{[%emt 00:00:08]} 48. Ra8 {[%clk 00:00:18]} {[%emt 00:00:12]} Rf5 {[%clk
00:00:26]} {[%emt 00:00:06]} 49. Ra6+ {[%clk 00:00:20]} {[%emt 00:00:04]} Kc7
{[%clk 00:00:22]} {[%emt 00:00:08]} 50. Rxh6 {[%clk 00:00:23]} {[%emt
00:00:02]} Rf2 {[%clk 00:00:26]} {[%emt 00:00:01]} 51. g4 {[%clk 00:00:24]}
{[%emt 00:00:05]} Rf4 {[%clk 00:00:24]} {[%emt 00:00:07]} 52. Rh5 {[%clk
00:00:26]} {[%emt 00:00:02]} Kb6 {[%clk 00:00:26]} {[%emt 00:00:03]} 53. Rxg5
{[%clk 00:00:28]} {[%emt 00:00:04]} Rf3+ {[%clk 00:00:30]} 54. Kc4 {[%clk
00:00:32]} Rxh3 {[%clk 00:00:34]} {[%emt 00:00:01]} 55. Rg6+ {[%clk 00:00:36]}
{[%emt 00:00:02]} Kb7 {[%clk 00:00:25]} {[%emt 00:00:14]} 56. g5 {[%clk
00:00:38]} {[%emt 00:00:02]} Rg3 {[%clk 00:00:29]} {[%emt 00:00:01]} 57. Rg7+
{[%clk 00:00:27]} {[%emt 00:00:16]} Kc6 {[%clk 00:00:29]} {[%emt 00:00:05]} 58.
g6 {[%clk 00:00:28]} {[%emt 00:00:04]} Rg4+ {[%clk 00:00:33]} {[%emt 00:00:02]}
59. Kc3 {[%clk 00:00:32]} Kb6 {[%clk 00:00:35]} {[%emt 00:00:03]} 60. Kd3
{[%clk 00:00:22]} {[%emt 00:00:15]} Rg3+ {[%clk 00:00:37]} {[%emt 00:00:02]} 61.
Kc2 {[%clk 00:00:26]} {[%emt 00:00:01]} Ka6 {[%clk 00:00:40]} {[%emt 00:00:03]}
62. Rg8 {[%clk 00:00:27]} {[%emt 00:00:04]} Kb7 {[%clk 00:00:41]} {[%emt
00:00:04]} 63. g7 {[%clk 00:00:21]} {[%emt 00:00:11]} Ka7 {[%clk 00:00:45]}
{[%emt 00:00:02]} 64. Kd2 {[%clk 00:00:24]} {[%emt 00:00:01]} Rg5 {[%clk
00:00:44]} {[%emt 00:00:06]} 65. Ke3 {[%clk 00:00:26]} {[%emt 00:00:02]} Rg1
{[%clk 00:00:45]} {[%emt 00:00:05]} 66. Kd4 {[%clk 00:00:28]} {[%emt 00:00:01]}
Rg4+ {[%clk 00:00:47]} {[%emt 00:00:05]} 67. Kc5 {[%clk 00:00:32]} Rg5+ {[%clk
00:00:50]} {[%emt 00:00:02]} 68. Kc6 {[%clk 00:00:36]} Rg6+ {[%clk 00:00:49]}
{[%emt 00:00:06]} 69. Kc7 {[%clk 00:00:36]} {[%emt 00:00:05]} Rg3 {[%clk
00:00:49]} {[%emt 00:00:05]} 70. Kc6 {[%clk 00:00:34]} {[%emt 00:00:07]} Rg6+
{[%clk 00:00:44]} {[%emt 00:00:10]} 71. Kd5 {[%clk 00:00:37]} {[%emt 00:00:01]}
Rg1 {[%clk 00:00:44]} {[%emt 00:00:05]} 72. Kc5 {[%clk 00:00:37]} {[%emt
00:00:06]} Rg5+ {[%clk 00:00:47]} {[%emt 00:00:02]} 73. Kc4 {[%clk 00:00:41]}
Rg4+ {[%clk 00:00:50]} {[%emt 00:00:03]} 74. Kd5 {[%clk 00:00:43]} {[%emt
00:00:03]} Rg5+ {[%clk 00:00:49]} {[%emt 00:00:07]} 75. Ke6 {[%clk 00:00:46]}
Kb7 {[%clk 00:00:25]} {[%emt 00:00:29]} 76. Rd8 {[%clk 00:00:49]} {[%emt
00:00:01]} Rxg7 {[%clk 00:00:15]} {[%emt 00:00:16]} 77. Rd7+ {[%clk 00:00:54]}
Rxd7 {[%clk 00:00:15]} {[%emt 00:00:05]} 78. Kxd7 {[%clk 00:00:58]} Kb6 {[%clk
00:00:11]} {[%emt 00:00:09]} 79. Kd6 {[%clk 00:01:03]} Kb7 {[%clk 00:00:13]}
{[%emt 00:00:04]} 80. Kc5 {[%clk 00:01:07]} Ka6 {[%clk 00:00:17]} {[%emt
00:00:01]} 81. Kc6 {[%clk 00:01:12]} 1-0